000 00720aab a2200205 4500
001 768714001
003 CO-MdFUSB
005 20240611171721.0
008 170512s1996 cr ||||| |||| 00| 0 spa d
022 _a1409-1968
040 _aCO-MdFUSB
_bspa
_cCO-MdFUSB
_dCO-MdFUSB
041 _aspa
245 1 0 _aDespués de la tormenta
_b: entrevista con Linda Finkenbinder, esposa del Hermano Pablo
300 _aVolumen 13. Número 2 (1996), páginas 10-11
_c: 27 cm.
520 _aEste artículo es una entrevista sobre Linda, esposa del Hermano Pablo.
653 _aEntrevista
773 0 _tApuntes Pastorales
_049442
_960177
_gVolumen 13. Número 2 (1996), páginas 10-11
_qPágina 10
942 _cANA
945 _aJTF-925
999 _c53558
_d53558